| 000 | 01747cam a22005054i 4500 | ||
|---|---|---|---|
| 003 | PE-LiUPU | ||
| 005 | 20250731173035.0 | ||
| 008 | 150623s r 000 0 d | ||
| 020 | _a089135056X | ||
| 035 | _a(Sirsi) i9780891350569 | ||
| 040 |
_aPE-LiUPU _bspa _cPE-LiUPU _erda |
||
| 049 | _aPRUA | ||
| 082 | 0 | 4 |
_a234.2 _bF79 _221 |
| 100 | 1 |
_aFowler, James W., _eautor. |
|
| 245 | 1 | 0 |
_aFaith development and fowler / _cJames W. Fowler. |
| 264 | 1 |
_aBirmingham, Alabama : _bReligious Education Press, _c1986. |
|
| 300 |
_a322 páginas ; _c23 centímetros |
||
| 336 |
_atext _2rdacontent |
||
| 337 |
_aunmediated _2rdamedia |
||
| 338 |
_avolume _2rdacarrier |
||
| 504 | _aBibliografía al final de cada capítulo. | ||
| 505 | 0 | _aAn overview of faith development theory. -Evaluating faith development theory. -Enhancing faith development theory. -Faith development theory and ministry. | |
| 526 | _aSEG42 | ||
| 526 | _aSEG41 | ||
| 526 | _aSEG40 | ||
| 526 | _aSEG39 | ||
| 526 | _aP94 | ||
| 526 | _aP87 | ||
| 526 | _aP86 | ||
| 526 | _aP85 | ||
| 526 | _aP77 | ||
| 526 | _aP76 | ||
| 526 | _aP35 | ||
| 600 | 1 |
_aFowler, James W.. _d1940- |
|
| 650 | 0 | 4 | _aDesarrollo de la fe. |
| 650 | 0 | 4 |
_aEducación Cristiana _xFilosofía. |
| 650 | 0 | 4 |
_aFe _xPsicología. |
| 700 | 1 | _aCraig Dykstra, et al. | |
| 942 |
_2ddc _cBOOK |
||
| 949 |
_a234.2 F79 _wDEWEY _c1 _i48159 _lCCODEBUL1 _mBUL _r0 _sY _tBOOK _u2015-6-24 _xTEOLOGIA _PP35 _0COMPRA _o.STAFF. Colección General |
||
| 994 |
_aC0 _bPEPRU |
||
| 596 | _a1 | ||
| 999 |
_a234.2 F79 _wDEWEY _c25692 _i48159 _e2017-2-22 _f2021-11-10 _g5 _lCCODEBUL1 _mBUL _n1 _r0 _sY _tBOOK _u2015-6-24 _xTEOLOGIA _PP35 _0COMPRA _o.STAFF. Colección General _d25692 |
||
| 980 |
_81 _gALBERTO SANCHEZ Responsable de Automatización |
||